00289nam a2200097Ia 4500008004000000082002000040100002000060245005000080260005300130300000800183210210b1969 xxu||||| |||| 00| 0 eng d a954.870792 MUDM aMUDDACHARI (B). aMysore-Maratha relations in the 17th century. aMysore.bPrasaranga, University of mysore.c1969 a176